Biblioteca

Terapia para resolver problemas : Nuevas estrategias para una terapia familiar eficaz / Jay Haley ; Zoraida J. Valcárcel, Traductor (Registro nro. 43369)

Detalles MARC
000 -LÍDER
Campo fijo de descripción fija 009650000a22002050004500
020 ## - NÚMERO INTERNACIONAL NORMALIZADO PARA LIBROS
Número Internacional Normalizado del libro 950-518-454-9
041 0# - CÓDIGO DE IDIOMA
Código de idioma para texto/pista de sonido o título separado
082 04 - NÚMERO DE CLASIFICACIÓN DECIMAL DEWEY
Número de clasificación G 616 H168t
001 - NÚMERO DE CONTROL
Campo de control 14509
100 1# - ASIENTO PRINCIPAL--NOMBRE PERSONAL
Nombre personal Haley, Jay
245 10 - TÍTULO
Título del Material Terapia para resolver problemas : Nuevas estrategias para una terapia familiar eficaz / Jay Haley ; Zoraida J. Valcárcel, Traductor
260 ## - PUBLICACIÓN, DISTRIBUCIÓN, ETC. (PIE DE IMPRENTA)
Lugar de publicación, distribución, etc. Madrid : Amorrortu
300 ## - DESCRIPCIÓN FÍSICA
Extensión 264 Pág.
336 ## - CONTENT TYPE
Content type term texto
Content type code txt
Source rdacontent
337 ## - MEDIA TYPE
Source rdamedia
Media type term sin mediación
Media type code n
338 ## - CARRIER TYPE
Source rdacarrier
Carrier type term volumen
Carrier type code nc
500 ## - NOTA GENERAL
Nota General Título original : Problem-solving therapy. New strategies for effective family therapy
505 00 - NOTA DE CONTENIDO
Nota de contenido con formato preestablecido 1. Cómo conducir la primera entrevista 2. Cómo impartir directivas 3. La comunicación como 'bits' y metáfora 4. Comunicación: secuencia y jerarquía 5. Terapia en etapas 6. La terapia del matrimonio vista como un triángulo 7. Dificultades en la formación de terapeutas 8. Aspectos éticos de la terapia.
942 ## - TIPO DE MATERIAL (KOHA)
Tipo de Item KOHA Libros General
Existencias
Estado de Material Estado de Perdido Estado de Dañado No para Préstamo Colección Tomo Biblioteca de Origen Biblioteca Permanente Fecha de Adquisición Total de Préstamos Signatura Topográfica Código de Barras Última vez visto Ejemplar/Existencia Fecha de Remplazo Tipo de Material
        Colección General   Biblioteca FUSBC Biblioteca FUSBC 23/08/2007   G 616 H168t 16570 12/12/2019 1 26/01/2016 Libros General

Biblioteca FUSBC | Teléfono: (57+4) 349 88 10 Ext. 141| WhatsApp (+57) 3005338115 
E-mail: biblioteca@unisbc.edu.co | Calle 76 87-14 Robledo Palenque, Medellín, Colombia

Con tecnología Koha